DJ Khaled Discography - Statistics

General Stats
  • This quiz has been taken 15 times
    9 since last reset
  • The average score is 9 of 11
Answer Stats
Year Name Type % Correct
2019 Father of Asahd Album
100%
2013 Suffering from Success Album
100%
2007 We the Best Album
100%
2017 Grateful Album
83%
2012 Kiss the Ring Album
83%
2016 Major Key Album
83%
2010 Victory Album
83%
2015 I Changed a Lot Album
67%
2008 We Global Album
67%
2011 We the Best Forever Album
67%
2006 Listennn... the Album Album
33%
No matching quizzes found
Score Distribution
Percent of People with Each Score
Percentile by Number Answered
Your Score History
You have not taken this quiz since the last reset